000 00661nam a2200289Ia 4500
005 20260324134753.0
008 008 260324s9999 xx 000 0 eng d
020 _a9781410604262
037 _aEBOOK
040 _aCRL
040 _beng
040 _cCRL
041 _2eng
041 _aeng
084 _qCRL
100 _aAnn M. Johns
_91198087
245 0 _aGenre in the Classroom
245 0 _bMultiple Perspectives
260 _bTaylor and Francis
260 _c2001
365 _a
365 _b230
856 _uhttp://www.taylorfrancis.com/books/9781410604262
942 _cEBOOK
999 _c1798501
_d1798501